000 00387nam a22001577a 4500
003 MPLRDC
005 20220104142828.0
008 210129b ||||| |||| 00| 0 eng d
082 _a690 XGLJ
100 _a香港丽景出版公司印
245 _a中国风光选集
_c
260 _a
_b香港丽景出版公司
_c
300 _b
650 _a中国游记
942 _cBK
_o690 XGLJ
999 _c34046
_d34036